Statistics for Shadow Pokemon catchable in Pokemon Colosseum/XD [Pointless]

Click here to take the quiz!

General Stats

  • This quiz has been taken 34 times
  • The average score is 20 of 130

Answer Stats

Answer% Correct
Bayleef
77%
Lugia
69%
Quilava
69%
Croconaw
62%
Entei
62%
Raikou
62%
Suicune
62%
Makuhita
54%
Misdreavus
46%
Teddiursa
46%
Ursaring
46%
Articuno
38%
Moltres
38%
Noctowl
38%
Sudowoodo
38%
Tyranitar
38%
Zapdos
38%
Flaaffy
31%
Forretress
31%
Furret
31%
Houndoom
31%
Metagross
31%
Pineco
31%
Quagsire
31%
Shuckle
31%
Heracross
23%
Hitmontop
23%
Mantine
23%
Meditite
23%
Meowth
23%
Miltank
23%
Slugma
23%
Smeargle
23%
Sneasel
23%
Sunflora
23%
Swablu
23%
Togetic
23%
Absol
15%
Ariados
15%
Baltoy
15%
Carvanha
15%
Dodrio
15%
Dragonite
15%
Dunsparce
15%
Electabuzz
15%
Gligar
15%
Granbull
15%
Houndour
15%
Ledyba
15%
Magmar
15%
Mareep
15%
Numel
15%
Piloswine
15%
Poochyena
15%
Remoraid
15%
Roselia
15%
Salamence
15%
Skarmory
15%
Skiploom
15%
Spheal
15%
Spinarak
15%
Togepi
15%
Tropius
15%
Yanma
15%
Zangoose
15%
Aipom
8%
Delcatty
8%
Exeggutor
8%
Gulpin
8%
Hitmonchan
8%
Hitmonlee
8%
Ledian
8%
Marowak
8%
Mr. Mime
8%
Natu
8%
Pinsir
8%
Qwilfish
8%
Ralts
8%
Rhydon
8%
Scyther
8%
Seel
8%
Shroomish
8%
Snorlax
8%
Tangela
8%
Vibrava
8%
Voltorb
8%
Altaria
0%
Arbok
0%
Banette
0%
Beedrill
0%
Butterfree
0%
Chansey
0%
Delibird
0%
Duskull
0%
Farfetch'd
0%
Golduck
0%
Grimer
0%
Growlithe
0%
Hypno
0%
Kangaskhan
0%
Lapras
0%
Lickitung
0%
Lunatone
0%
Magcargo
0%
Magneton
0%
Manectric
0%
Mawile
0%
Murkrow
0%
Nosepass
0%
Paras
0%
Pidgeotto
0%
Poliwrath
0%
Primeape
0%
Rapidash
0%
Raticate
0%
Sableye
0%
Seedot
0%
Shellder
0%
Snorunt
0%
Solrock
0%
Spearow
0%
Stantler
0%
Starmie
0%
Swellow
0%
Swinub
0%
Tauros
0%
Venomoth
0%
Vulpix
0%
Weepinbell
0%

Score Distribution

Percentile by Number Answered

Percent of People with Each Score

Your Score History

You have not taken this quiz